Love Or Life Choices : (Record no. 195313)

MARC details
000 -LEADER
fixed length control field 00520nam a22001817a 4500
005 - DATE AND TIME OF LATEST TRANSACTION
control field 20230317115458.0
010 ## - LCCN (DPL NO)
LC control number ENG-136465
020 ## - INTERNATIONAL STANDARD BOOK NUMBER
International Standard Book Number 9781684668182
Terms of availability 99.00
035 ## - SYSTEM CONTROL NUMBER
System control number EN-119997
037 ## - SOURCE OF ACQUISITION
Source of stock number/acquisition DBAD/PUB
082 ## - DEWEY DECIMAL CLASSIFICATION NUMBER
Classification number N
100 ## - MAIN ENTRY--PERSONAL NAME
Personal name Jain, Neha
245 ## - TITLE STATEMENT
Title Love Or Life Choices :
Statement of responsibility, etc By Y Perelman
Remainder of title Some Relation Are Different /
260 ## - PUBLICATION, DISTRIBUTION, ETC. (IMPRINT)
Name of publisher, distributor, etc Norton Press
Place of publication, distribution, etc Chennai
Date of publication, distribution, etc 2019
270 ## - ADDRESS
Address Old No. 38,New No 6.,McnicholsRoad, Chetpet
City Chennai
Postal code 600031
300 ## - PHYSICAL DESCRIPTION
Extent 70p.
Dimensions 20cm(pbk)
942 ## - ADDED ENTRY ELEMENTS (KOHA)
Source of classification or shelving scheme Dewey Decimal Classification
Item type English Books
Classification part N
Call number suffix NEH
Holdings
Withdrawn status Lost status Not for loan Collection code Home library Current library Date acquired Source of acquisition Cost, normal purchase price Full call number Barcode Copy number Koha item type
      Fiction Katevara Katevara 17/03/2023 DBAD/PUB 99.00 N NEH EN-119997 1 English Books

© Delhi Public Library
Hit Counter
free hit counter